Kelantan : harapan, cabaran dan visi
| Main Author: | |
|---|---|
| Format: | Book |
| Published: |
Kuala Lumpur :
G G Edar ,
c1991
|
| Subjects: |
MARC
| LEADER | 00000cam a2200000 7i4500 | ||
|---|---|---|---|
| 001 | 0000030768 | ||
| 005 | 20021119093000.0 | ||
| 008 | 021119n | ||
| 090 | 0 | 0 | |a DS598.K32 |b T2 |
| 100 | 0 | |a Tarmizi Mohd Jam , |e author | |
| 245 | 0 | 0 | |a Kelantan : |b harapan, cabaran dan visi |c oleh Tarmizi Mohd Jam |
| 260 | 2 | |a Kuala Lumpur : |b G G Edar , |c c1991 | |
| 300 | |a 288 ms. ; ; |c 18 sm. | ||
| 651 | 0 | |a Kelantan |x Politics and government | |
| 999 | |a 1000057299 |b Book |c OPEN SHELF (30 DAYS) |e Gong Badak Campus | ||